| 000 | 00872nmm a2200253 a 4500 | ||
|---|---|---|---|
| 001 | ocm000701609 | ||
| 003 | TR-IsHL | ||
| 005 | 20201028140917.0 | ||
| 008 | 131219s1986 tu tur | ||
| 007 | cr cn | ||
| 035 |
_a701609 _b(N$T) |
||
| 050 | 0 | 4 |
_aTK6642 _b.R63 1986 |
| 090 | 0 | 4 |
_aTK6642 _b.R63 1986 |
| 100 | 1 | _aRodekurth, Bernd | |
| 245 | 1 | 0 |
_aPratik renkli televizyon tamir kılavuzu _h[electronic resource] / _cBernd Rodekurth ; çev. Münip Öniz |
| 260 |
_aİstanbul : _bYüce Yayınları, _c1986 |
||
| 300 | _a218 p. | ||
| 650 | 4 | _aMühendislik ve Teknoloji | |
| 650 | 4 | _aEngineering and Technology | |
| 650 | 0 |
_aTelevizyon tamiri _xEl kitapları |
|
| 650 | 7 |
_aTECHNOLOGY & ENGINEERING / Television & Video _2bisacsh |
|
| 700 | 1 | _aÖniz, Münip | |
| 856 | 4 | 0 | _uhttp://search.ebscohost.com/login.aspx?direct=true&scope=site&db=e011xww&AN=701609 |
| 999 |
_c7537 _d7537 |
||